[Event "ch-USA GpA"]
[Site "San Diego USA"]
[Date "2006.03.08"]
[Round "6"]
[White "Dlugy,M"]
[Black "Stripunsky,A"]
[Result "0-1"]
[WhiteElo "2531"]
[BlackElo "2564"]

1.d4 d5 2.c4 c6 3.Nf3 Nf6 4.Nc3 e6 5.e3 a6 6.Qc2 c5 7.cxd5 exd5 8.dxc5 Bxc5
9.Be2 Nc6 10.O-O O-O 11.Rd1 Ba7 12.a3 Be6 13.b4 Rc8 14.b5 Nb8 15.Qb2 a5 16.Na4 Nbd7
17.Bd2 Ne4 18.Be1 Ndc5 19.Nxc5 Bxc5 20.Nd4 Re8 21.a4 b6 22.Rac1 Qg5 23.Rc2 h5
24.Nxe6 Rxe6 25.Qb3 Rd8 26.Bf3 Rdd6 27.Bxe4 dxe4 28.Rcd2 Rg6 29.g3 h4 30.Rxd6 Rxd6
31.Rxd6 Bxd6 32.Qd1 Bc5 33.Qd7 hxg3 34.hxg3 Qe5 35.Kg2 f6 36.g4 Kh7 37.Qf7 Bd6
38.Bc3 Qh2+ 39.Kf1 Qh3+ 40.Ke1 Qxg4 41.Qd5 Ba3 42.Kf1 Kh6 43.Qc6 Bc5 44.Bxa5 Qd1+
45.Kg2 Qf3+ 46.Kg1 Bxe3 47.fxe3 Qxe3+ 48.Kf1 Qf3+ 49.Ke1 bxa5 50.b6 Qe3+
51.Kf1 Qh3+ 52.Kg1 Qg4+ 53.Kf2 Qh4+ 54.Kg2 Qg5+ 55.Kf1 Qf4+ 56.Ke2 Qh2+ 57.Ke3 Qg1+
58.Ke2 Qg2+ 59.Ke1 Qg3+ 60.Kf1 Qd3+ 61.Ke1 e3 62.Qh1+ Kg6 63.Qg2+ Kf7 64.Qa2+ Ke7
65.b7 Qd6 66.Qg2 Kd8 67.b8=Q+ Qxb8 68.Qd5+ Ke7 69.Qxa5 Qg3+ 70.Kd1 Qd6+  0-1

[Event "U20ch-RUS"]
[Site "Cheboksary RUS"]
[Date "2006.03.09"]
[Round "8"]
[White "Iljin,A"]
[Black "Safronov,A2"]
[Result "1-0"]
[WhiteElo "2510"]
[BlackElo "2314"]

1.d4 d5 2.Nf3 Nf6 3.c4 c6 4.e3 e6 5.Nc3 Nbd7 6.Qc2 Bd6 7.Bd3 O-O 8.O-O dxc4
9.Bxc4 a6 10.Rd1 Qc7 11.e4 e5 12.g3 b5 13.Be2 Bb7 14.dxe5 Nxe5 15.Bg5 Nxf3+
16.Bxf3 Be5 17.Bxf6 gxf6 18.Bg4 Rfd8 19.Rac1 Rxd1+ 20.Nxd1 c5 21.Bf5 Bd4
22.Qd2 Rd8 23.Qh6 Bc8 24.Bxh7+ Kh8 25.Ne3 Be6 26.Bf5+ Kg8 27.Qh7+  1-0

[Event "ch-USA GpB"]
[Site "San Diego USA"]
[Date "2006.03.09"]
[Round "7"]
[White "Perelshteyn,E"]
[Black "Lugo,Bl"]
[Result "1-0"]
[WhiteElo "2522"]
[BlackElo "2412"]

1.d4 d5 2.c4 c6 3.Nc3 Nf6 4.Nf3 e6 5.e3 Nbd7 6.Qc2 Bd6 7.g4 dxc4 8.Bxc4 e5
9.g5 Nd5 10.Bd2 exd4 11.Qe4+ Qe7 12.Qxd4 Ne5 13.Nxe5 Bxe5 14.Nxd5 cxd5 15.Bb5+ Kf8
16.Qxd5 Bxb2 17.Qb3 Ba3 18.Bc4 Bc5 19.Bd5 Be6 20.Bxe6 fxe6 21.Rc1 b6 22.Rg1 Rd8
23.Rg4 Qd6 24.Bc3 Rd7 25.Bd4 Kf7 26.Rf4+ Ke8 27.Re4 Kf7 28.Kf1 Rc8 29.h4 Rc6
30.Qc2 Kg8 31.Kg1 Qd5 32.Be5 Qd2 33.Qxd2 Rxd2 34.a4 Kf7 35.h5 Rd5 36.Kg2 Rc8
37.Kf3 Rcd8 38.g6+ Kg8 39.gxh7+ Kxh7 40.Rg1 R8d7 41.Rg6 Re7 42.Kg4 Rd2 43.Bg3 Ra2
44.Kg5 Re8 45.h6 Be7+ 46.Kh5 Bf6 47.hxg7 Bxg7 48.Reg4 Re7 49.Be5  1-0

[Event "U20ch-RUS"]
[Site "Cheboksary RUS"]
[Date "2006.03.10"]
[Round "9"]
[White "Safronov,A2"]
[Black "Kharitonov,Alexandr"]
[Result "1/2-1/2"]
[WhiteElo "2314"]
[BlackElo "2535"]

1.d4 d5 2.c4 e6 3.Nc3 c6 4.e3 Nf6 5.Nf3 Nbd7 6.Qc2 Bd6 7.b3 O-O 8.Bd3 e5
9.cxd5 cxd5 10.Nb5 Bb4+ 11.Bd2 Bxd2+ 12.Nxd2 e4 13.Be2 Nb6 14.Qc5 Ne8 15.Rc1 Bd7
16.Nd6 Qg5 17.N6xe4 Qxg2 18.Ng3 Qh3 19.Qe7 Nf6 20.Rg1 Rac8 21.Rc5 Qe6 22.Qxe6 Bxe6
23.Nf3 Nbd7 24.Rxc8 Rxc8 25.Kd2 Kf8 26.Ne5 Nxe5 27.dxe5 Ne4+ 28.Nxe4 dxe4
29.Rc1 Rd8+ 30.Ke1 Rd5 31.Rc7 Rxe5 32.Rxb7 a5 33.Rb5 Rxb5 34.Bxb5 Ke7 35.Kd2 Kd6
36.Kc3 Kc5 37.Ba6 f5 38.a3 Bd7 39.Bc4 g5 40.b4+ axb4+ 41.axb4+ Kd6 42.Kd4 h5
43.b5 h4 44.b6 Bc6 45.Bf7 Bb7 46.Be8 Ke7 47.Ba4 Kd6 48.Bb3 Bc6 49.Bf7 Bb7
50.Bg8 Bc6 51.Bh7 Ke6 52.Bg6 Bb7 53.Be8 Ke7 54.Ba4 Kd6 55.Bb5 f4 56.Be2 f3
57.Bc4 g4 58.Bb5 h3 59.Bf1 Kc6 60.Kxe4 g3 61.fxg3 Kxb6+ 62.Kf4 f2 63.Bxh3 Ba6
64.g4 Kc7 65.Ke5 Kd7 66.Kf6 Ke8 67.g5 Kf8 68.g6 f1=Q+ 69.Bxf1 Bxf1 70.h4 Bd3
71.h5 Kg8 72.Ke5 Kg7 73.e4 Be2  1/2-1/2

[Event "ch-BLR"]
[Site "Minsk BLR"]
[Date "2006.03.10"]
[Round "7"]
[White "Maiorov,N"]
[Black "Novitzkij,D"]
[Result "1/2-1/2"]
[WhiteElo "2490"]
[BlackElo "2373"]

1.d4 d5 2.c4 c6 3.Nc3 Nf6 4.e3 e6 5.Nf3 Nbd7 6.Qc2 Bd6 7.Bd3 O-O 8.O-O a6
9.Rd1 Qc7 10.b3 e5 11.cxd5 cxd5 12.e4 dxe4 13.Nxe4 Nxe4 14.Bxe4 Qxc2 15.Bxc2 exd4
16.Nxd4 Be5 17.Ba3 Re8 18.Rab1 Nf6 19.h3 Bd7 20.Bf5 Bb5 21.Bb2 Rad8 22.Nxb5 Rxd1+
23.Rxd1 Bxb2 24.Nd6 Rd8 25.Rd3 g6 26.Ne4 Rxd3 27.Nxf6+  1/2-1/2

[Event "XXII Open"]
[Site "Reykjavik ISL"]
[Date "2006.03.10"]
[Round "5"]
[White "Steingrimsson,H"]
[Black "Arngrimsson,D"]
[Result "1-0"]
[WhiteElo "2439"]
[BlackElo "2298"]

1.d4 d5 2.c4 c6 3.Nc3 Nf6 4.e3 e6 5.Nf3 Nbd7 6.Bd3 dxc4 7.Bxc4 b5 8.Bd3 Bb7
9.O-O Be7 10.e4 a6 11.e5 Nd5 12.Nxd5 cxd5 13.Bd2 O-O 14.a3 Re8 15.Re1 Nf8
16.Bb4 Qb6 17.Bxe7 Rxe7 18.b4 Rc8 19.Qd2 Rec7 20.Rac1 h6 21.h4 Rc6 22.Rc5 Nd7
23.Qf4 Qd8 24.Rxc6 Rxc6 25.g4 Nf8 26.Kg2 Bc8 27.Rc1 Qc7 28.Rxc6 Qxc6 29.Qd2 Bb7
30.Qb2 Qc8 31.Nd2 Nd7 32.f4 Nb6 33.Nb3 Nc4 34.Qc1 Qd8 35.Kg3 Qe7 36.Nc5 Bc8
37.Bb1 g6 38.Qc3 Kg7 39.Qd3 Nb2 40.Qc3 Nc4 41.Bc2 Qd8 42.Kh3 Qe7 43.Qd3 Nb2
44.Qg3 Nc4 45.h5 gxh5 46.gxh5+ Kf8 47.a4 f5 48.Bd1 Qg7 49.Qh4 Qe7 50.Qe1 Qg7
51.Bf3 Kg8 52.Qh4 Nd2 53.Be2 Nc4 54.Qd8+ Kh7 55.Qxc8 Ne3 56.Bf3 Nf1 57.Qd7 Qxd7
58.Nxd7 bxa4 59.Nc5 a3 60.Nb3 a2 61.Be2 Nd2 62.Na1 Kg7 63.Kg2 Kf7 64.Bxa6 Ke7
65.Bc8 Nc4 66.Kf2 Nb6 67.Ba6 Kd7 68.Bb5+  1-0

[Event "XXII Open"]
[Site "Reykjavik ISL"]
[Date "2006.03.10"]
[Round "5"]
[White "Johannesson,I"]
[Black "Mouradian,K"]
[Result "1-0"]
[WhiteElo "2269"]
[BlackElo "2190"]

1.d4 d5 2.Nf3 Nf6 3.c4 c6 4.Nc3 e6 5.e3 Nbd7 6.Qc2 Bd6 7.g4 dxc4 8.Bxc4 e5
9.g5 Nd5 10.Ne4 Bc7 11.Bd2 exd4 12.Nxd4 N7b6 13.Be2 O-O 14.h4 Re8 15.O-O-O Qe7
16.Bd3 Be5 17.Rdg1 a5 18.Nc5 g6 19.h5 Nb4 20.Bxb4 axb4 21.hxg6 hxg6 22.Kb1 Kf8
23.Rh4 Bxd4 24.Rxd4 Be6 25.Nxe6+ Qxe6 26.Qc5+ Kg8 27.Qxb6 Qxa2+ 28.Kc2 c5
29.Bc4  1-0

[Event "XXII Open"]
[Site "Reykjavik ISL"]
[Date "2006.03.10"]
[Round "5"]
[White "Brynell,S"]
[Black "Sigfusson,S"]
[Result "1-0"]
[WhiteElo "2493"]
[BlackElo "2339"]

1.d4 d5 2.c4 c6 3.Nc3 Nf6 4.e3 e6 5.Nf3 Nbd7 6.Bd3 dxc4 7.Bxc4 b5 8.Bd3 a6
9.e4 Bb7 10.e5 Nd5 11.Nxd5 cxd5 12.O-O Be7 13.Bd2 O-O 14.a3 f5 15.exf6 Bxf6
16.Qe2 Qb6 17.Rad1 g6 18.h4 Bxd4 19.Nxd4 Qxd4 20.Qxe6+ Rf7 21.Bc3 Qb6 22.Qxb6 Nxb6
23.Rfe1 Rc8 24.Re6 Na4 25.Bd4 Rf4 26.Be2 Kf7 27.Re3 Rc2 28.g3 Re4 29.Bd3 Rxd4
30.Bxc2 Rxd1+ 31.Bxd1 Nxb2 32.Re1 Nc4 33.a4 b4 34.f4 a5 35.Kf2 Bc6 36.Bb3 Nd2
37.Rc1 Ne4+ 38.Ke3 Nc3 39.Rc2 Ke6 40.Kd4 Kd6 41.g4 Bd7 42.f5 gxf5 43.g5 Be8
44.Rf2 f4 45.Bc2 Bxa4 46.Bxh7 Bb3 47.Bd3  1-0

[Event "XXII Open"]
[Site "Reykjavik ISL"]
[Date "2006.03.10"]
[Round "5"]
[White "Sargissian,G"]
[Black "Tregubov,P"]
[Result "1-0"]
[WhiteElo "2603"]
[BlackElo "2556"]

1.d4 d5 2.c4 e6 3.Nc3 c6 4.e3 Nf6 5.Nf3 a6 6.b3 Bb4 7.Bd2 O-O 8.Bd3 dxc4
9.bxc4 c5 10.O-O b6 11.a3 Ba5 12.Qc2 cxd4 13.Nxd4 Bb7 14.Nb3 Bxc3 15.Bxc3 Nbd7
16.e4 Qc7 17.f3 Rfd8 18.Rfd1 Rac8 19.Qb2 e5 20.a4 a5 21.c5 Re8 22.Be1 Nxc5
23.Nxc5 bxc5 24.Qc3 c4 25.Be2 Nh5 26.Qxa5 Nf4 27.Bf1 Qxa5 28.Bxa5 Ba6 29.Bc3 Nd3
30.Rdb1 Rc6 31.a5 f6 32.Rb6 Ree6 33.Rab1 Kf7 34.Be2 Red6 35.Rxc6 Rxc6 36.Bd1 Ke6
37.Kf1 Rd6 38.Bc2 g6 39.Ke2 Nf4+ 40.Kf2 h5 41.g3 Nd3+ 42.Ke3 Kd7 43.Rb8 Kc6
44.f4 Kc5 45.Ba4 Re6 46.h4 Rd6 47.Be8 Re6 48.Bxg6 Bb5 49.Rc8+  1-0

[Event "55th ch-BUL w"]
[Site "Svilengrad BUL"]
[Date "2006.03.10"]
[Round "11"]
[White "Savova,S"]
[Black "Raeva,E"]
[Result "1/2-1/2"]
[WhiteElo "2204"]
[BlackElo "2210"]

1.Nf3 d5 2.d4 Nf6 3.c4 e6 4.e3 c6 5.Nc3 Bd6 6.Qc2 Nbd7 7.Bd2 O-O 8.cxd5 exd5
9.Be2 Re8 10.Nh4 g6 11.g3 Nf8 12.h3 Ne6 13.f4 b5 14.a3 a5 15.Kf2 Rb8 16.Bf3 c5
17.Ne2 cxd4 18.exd4 Ng7 19.Nc3 Qb6 20.Be3 Bf5 21.Qd2 Be4 22.Nxe4 Nxe4+ 23.Bxe4 Rxe4
24.Rhe1 Rbe8 25.Rac1 b4 26.a4 Qb8 27.Nf3 Nf5 28.Ne5 f6 29.g4 Nxe3 30.Rxe3 Rxe3
31.Kxe3 fxe5 32.dxe5 Bf8 33.Qxd5+ Kh8 34.Qf7 Rc8 35.Rd1 Qb6+ 36.Kf3 Rd8 37.Rxd8 Qxd8
38.b3 Qe7 39.Qd5 Qc7 40.f5 Qc3+ 41.Ke4 Qxh3 42.f6 Qxg4+ 43.Kd3 Qd1+ 44.Kc4 Qe2+
45.Kd4 Qf2+ 46.Kc4 Qe2+ 47.Kd4 Qd2+  1/2-1/2

[Event "XXII Open"]
[Site "Reykjavik ISL"]
[Date "2006.03.11"]
[Round "6"]
[White "Adly,A"]
[Black "Harikrishna,P"]
[Result "0-1"]
[WhiteElo "2473"]
[BlackElo "2673"]

1.Nf3 d5 2.e3 Nf6 3.c4 c6 4.Nc3 e6 5.d4 Nbd7 6.Qc2 Bd6 7.g4 dxc4 8.g5 Nd5
9.Bxc4 e5 10.Bd2 O-O 11.O-O-O exd4 12.Nxd4 Ne5 13.Nxd5 cxd5 14.Bxd5 Bg4 15.Bc3 Bb4
16.Ne2 Bxc3 17.Nxc3 Bxd1 18.Rxd1 Qe7 19.Qe4 Rad8 20.h4 Ng6 21.Qa4 b5 22.Nxb5 Qc5+
23.Nc3 Ne7 24.Be4 Rxd1+ 25.Qxd1 Rb8 26.Qd2 Ng6 27.h5 Ne5 28.b3 g6 29.h6 Ng4
30.Bd5 Nxf2 31.Bxf7+ Kxf7 32.Qxf2+ Qf5 33.Qg2 Qe5 34.Qf3+ Ke6 35.Qc6+ Kf5
36.Qd7+ Kxg5 37.Kc2 Qf5+ 38.Qxf5+ gxf5 39.Kd3 Kxh6 40.e4 fxe4+ 41.Nxe4 Kg6
42.Kc4 h5 43.b4 h4 44.b5 h3 45.a4 h2 46.Ng3 Kg5 47.a5 Kf4 48.Nh1 Kf3  0-1

[Event "XXII Open"]
[Site "Reykjavik ISL"]
[Date "2006.03.11"]
[Round "6"]
[White "Zaremba,An"]
[Black "Sanchez Castillo,S"]
[Result "1-0"]
[WhiteElo "2316"]
[BlackElo "2177"]

1.d4 d5 2.Nf3 c6 3.c4 e6 4.e3 Nf6 5.Nc3 Nbd7 6.Bd3 dxc4 7.Bxc4 b5 8.Bd3 b4
9.Ne2 Bb7 10.e4 c5 11.e5 Nd5 12.O-O h6 13.Re1 Qb6 14.Bb1 Rc8 15.Nf4 cxd4
16.Nxd5 Bxd5 17.b3 Bxf3 18.gxf3 Qc5 19.Bb2 Nxe5 20.Be4 Nd7 21.f4 Qd6 22.Bxd4 Qxf4
23.Rc1 Bc5 24.Bxc5 Nxc5 25.Qd4 Qg5+ 26.Kh1 Ke7 27.f4 Qf6 28.Qxb4 a5 29.Qxa5 Qd4
30.Rcd1 Qf2 31.Qa7+ Kf6 32.Rf1 Qe2 33.Bf3 Qb2 34.Rb1 Qd2 35.b4 Nd3 36.Qd4+ Ke7
37.Rbd1 Qxb4 38.Rxd3 Qxd4 39.Rxd4 Rhd8 40.Rxd8 Rxd8 41.Rd1 Rc8 42.a4 Rc5
43.Ra1 Ra5 44.Bc6 Kd6 45.Bb5 g5 46.Rd1+ Kc5 47.Kg2 gxf4 48.Kf3 e5 49.Ke4 f6
50.Rd5+ Kb4 51.Rd6 Ra8 52.Rxf6  1-0

[Event "XXII Open"]
[Site "Reykjavik ISL"]
[Date "2006.03.11"]
[Round "6"]
[White "Hillarp Persson,T"]
[Black "Erenburg,S"]
[Result "1/2-1/2"]
[WhiteElo "2548"]
[BlackElo "2573"]

1.d4 d5 2.c4 c6 3.Nc3 Nf6 4.Nf3 e6 5.e3 a6 6.b3 Bb4 7.Bd2 Nbd7 8.Bd3 O-O
9.O-O Bd6 10.Qc2 h6 11.e4 dxc4 12.bxc4 e5 13.c5 Bc7 14.h3 exd4 15.Na4 Re8
16.Rab1 Nh5 17.Rfe1 Rb8 18.Bf1 Qf6 19.Nxd4 Ne5 20.Rb3  1/2-1/2

[Event "XXII Open"]
[Site "Reykjavik ISL"]
[Date "2006.03.12"]
[Round "7"]
[White "Sargissian,G"]
[Black "Hillarp Persson,T"]
[Result "1-0"]
[WhiteElo "2603"]
[BlackElo "2548"]

1.d4 d5 2.c4 c6 3.Nc3 Nf6 4.Nf3 e6 5.e3 Nbd7 6.Qc2 Bd6 7.g4 h6 8.Bd2 dxc4
9.Bxc4 b5 10.Be2 Bb7 11.g5 hxg5 12.Nxg5 Qe7 13.Nce4 Nxe4 14.Nxe4 O-O 15.Nxd6 Qxd6
16.Bf3 Rab8 17.O-O-O Rfc8 18.Rhg1 Qf8 19.Rg5 c5 20.d5 f6 21.Rh5 exd5 22.Qh7+ Kf7
23.Rg1 Re8 24.Rxd5 Ne5 25.Bh5+ Ke6 26.Rxe5+ Kxe5 27.Rxg7 Be4 28.Qh6 b4 29.Bf7  1-0

[Event "XXII Open"]
[Site "Reykjavik ISL"]
[Date "2006.03.13"]
[Round "8"]
[White "Hillarp Persson,T"]
[Black "Stefansson,H"]
[Result "0-1"]
[WhiteElo "2548"]
[BlackElo "2585"]

1.d4 d5 2.c4 c6 3.Nc3 Nf6 4.Nf3 e6 5.e3 Nbd7 6.Bd3 dxc4 7.Bxc4 b5 8.Bd3 a6
9.e4 c5 10.e5 cxd4 11.Nxb5 Ng4 12.Qa4 Qb6 13.O-O Bb7 14.Nbxd4 Bc5 15.h3 Bxf3
16.hxg4 Bd5 17.Nf3 Qb7 18.Qf4 O-O 19.Ng5 h6 20.Ne4 Bd4 21.Nf6+ gxf6 22.Qxd4 Nxe5
23.f3 Rfd8 24.Qe3 Bxf3 25.Bb1 Bxg2 26.Qxh6 Be4 27.Qxf6 Qb6+ 28.Qf2 Qxf2+
29.Kxf2 Bxb1 30.Rxb1 Nxg4+ 31.Kg3 f5 32.Bg5 Rd7 33.Rbe1 Kf7 34.Bf4 Rd3+ 35.Rf3 Rg8
36.Rxd3 Ne5+ 37.Kh3 Nxd3 38.Rf1 Nxb2 39.Rf3 Rg4  0-1

[Event "XXII Open"]
[Site "Reykjavik ISL"]
[Date "2006.03.14"]
[Round "9"]
[White "Brynell,S"]
[Black "Tissir,M"]
[Result "1-0"]
[WhiteElo "2493"]
[BlackElo "2444"]

1.d4 d5 2.c4 c6 3.Nc3 Nf6 4.Nf3 e6 5.e3 Nbd7 6.Bd3 dxc4 7.Bxc4 b5 8.Bd3 Bd6
9.O-O O-O 10.b3 e5 11.Ne4 Bc7 12.Bb2 exd4 13.Bxd4 Bb7 14.Qc2 h6 15.Rfd1 Re8
16.Rac1 a6 17.Bxf6 Nxf6 18.Nc5 Qb8 19.Nxb7 Qxb7 20.Qxc6 Qxc6 21.Rxc6 Re7
22.Kf1 Ng4 23.h3 Nf6 24.Rdc1 Ne8 25.Ke2 g6 26.Nd2 Kg7 27.Ne4 Be5 28.Nc5 Rc7
29.Rxc7 Bxc7 30.f4 g5 31.g3 Ra7 32.Kf3 Bb6 33.e4 Rc7 34.b4 a5 35.a3 axb4
36.axb4 Ra7 37.e5 Ra3 38.Ke4 f5+ 39.Kd4 Nc7 40.Bxf5 Rxg3 41.Ke4 gxf4 42.Kxf4 Rg2
43.Kf3 Rb2 44.Nd3 Rb3 45.Ke4 Na6 46.Be6 Ra3 47.Rc6 Bd8 48.Rd6 Be7 49.Rd7 Kf8
50.Kf5 Nxb4 51.Nf4 Ke8 52.Rb7 Rg3 53.Bd7+ Kf7 54.Bxb5 Nc2 55.e6+ Kg8 56.Rxe7 Nd4+
57.Kf6 Nxb5 58.Re8+ Kh7 59.Rd8 Rf3 60.Rd7+ Kg8 61.Rd8+ Kh7 62.Rd7+ Kg8 63.e7  1-0

[Event "2nd Bundesliga West 2005-6"]
[Site "Austria AUT"]
[Date "2006.03.17"]
[Round "9"]
[White "Hackbarth,W"]
[Black "Ladner,P"]
[Result "1-0"]
[WhiteElo "2135"]
[BlackElo "2038"]

1.c4 c6 2.d4 d5 3.e3 Nf6 4.Nc3 e6 5.Nf3 Nbd7 6.Bd3 Bb4 7.O-O O-O 8.a3 Bxc3
9.bxc3 Re8 10.Ne5 Qc7 11.f4 Ne4 12.a4 f5 13.Bxe4 dxe4 14.Ba3 Nf6 15.h3 b6
16.Rf2 Bb7 17.Qb3 a6 18.g3 b5 19.Rg2 bxc4 20.Nxc4 Rad8 21.Bc5 Nd5 22.a5 Ba8
23.g4 g6 24.gxf5 exf5 25.Qa3 Qf7 26.Ne5 Rxe5 27.dxe5 Nc7 28.Bb6 Rd3 29.Qa2 Nd5
30.Re1 Kg7 31.Bd4 Qe7 32.Qb2 Kf7 33.Qb8 Nc7 34.Qh8 Ke6 35.Rb2 Qh4 36.Qf6+ Qxf6
37.exf6 Nb5 38.Be5 c5 39.c4 Nd6 40.Rb6 Rd2 41.Bxd6 Rxd6 42.f7  1-0

[Event "66th ch-ARM"]
[Site "Yerevan ARM"]
[Date "2006.03.17"]
[Round "2"]
[White "Petrosian,TL"]
[Black "Yegiazarian,A"]
[Result "0-1"]
[WhiteElo "2558"]
[BlackElo "2531"]

1.d4 Nf6 2.Nf3 e6 3.c4 d5 4.Nc3 c6 5.e3 Nbd7 6.Bd3 dxc4 7.Bxc4 b5 8.Bd3 b4
9.Ne4 Nxe4 10.Bxe4 Bb7 11.O-O Bd6 12.Qc2 Rc8 13.b3 Nf6 14.Bb2 Nxe4 15.Qxe4 Qe7
16.Qg4 O-O 17.Rac1 f5 18.Qg5 Qxg5 19.Nxg5 Rfe8 20.Rfd1 a5 21.Nf3 c5 22.dxc5 Bxc5
23.Rd7 Re7 24.Rd2 Rec7 25.Be5 Bd6 26.Rxc7 Rxc7 27.h4 Bxe5 28.Rd8+ Kf7 29.Nxe5+ Ke7
30.Rb8 Bd5 31.Rb5 Rc1+ 32.Kh2 Rc2 33.Rxa5 Rxf2 34.Ra7+ Kd6 35.Nc4+ Bxc4 36.bxc4 h6
37.a3 b3 38.Rb7 b2 39.a4 Rc2 40.a5 Rxc4 41.Kh3 Rc3 42.Rxb2 Rxe3+ 43.Kh2 Ra3
44.Rb7 g5 45.h5 Rxa5 46.Rh7 Ke5 47.Rxh6 f4 48.Rh8 g4 49.h6 Ke4 50.h7 Rh5+
51.Kg1 e5 52.Rg8 Rxh7 53.Rxg4 Ke3 54.Rg5 e4 55.Ra5 Rd7 56.Re5 Rd4 57.Re8 Ke2
58.Ra8 e3 59.Ra2+ Rd2 60.Ra4 Rd1+ 61.Kh2 f3 62.gxf3 Kf2 63.f4 e2 64.Ra2 Rd4
65.Ra1 Rxf4 66.Rf1+  0-1

[Event "Trophee Universitaire"]
[Site "La Roche-sur-Yon FRA"]
[Date "2006.03.18"]
[Round "4"]
[White "Rombaldoni,D"]
[Black "Rodriguez Guerrero,E"]
[Result "1-0"]
[WhiteElo "2292"]
[BlackElo "2464"]

1.d4 d5 2.c4 c6 3.Nf3 Nf6 4.Nc3 e6 5.e3 Nbd7 6.Qc2 b6 7.b3 Bb7 8.Bd3 Bd6
9.Bb2 O-O 10.O-O h6 11.h3 Re8 12.Rad1 Qc7 13.e4 dxe4 14.Nxe4 Nxe4 15.Bxe4 Nf6
16.Bd3 Qe7 17.Rfe1 Rad8 18.Nh4 Qf8 19.Qc1 Bb8 20.Bb1 Qd6 21.Nf3 c5 22.dxc5 Qc7
23.cxb6 axb6 24.Be5 Qe7 25.Bxb8 Rxb8 26.Ne5 Ba8 27.Qc2 Qb7 28.f3 Qc7 29.Ng4 Qc5+
30.Qf2 Qe7 31.Qc2 Qc5+ 32.Kh1 Nxg4 33.Qh7+ Kf8 34.hxg4 Qg5 35.Qc2 Rbd8 36.Qc3 Kg8
37.Bc2 Qf4 38.Rd3 Qg3 39.Red1 Rc8 40.a4 h5 41.Qe1 Qf4 42.Qh4 g5 43.Qxh5 Kg7
44.Rd4 Rh8 45.Rxf4 Rxh5+ 46.gxh5 gxf4 47.Rd7 Bc6 48.h6+ Kf6 49.Ra7 e5 50.h7 Ke6
51.Rc7  1-0

[Event "2nd Bundesliga Ost 2005-6"]
[Site "Austria AUT"]
[Date "2006.03.19"]
[Round "11"]
[White "Rogetzer,K"]
[Black "Galavics,H"]
[Result "1-0"]
[WhiteElo "2141"]
[BlackElo "2099"]

1.d4 d5 2.c4 c6 3.e3 Nf6 4.Nf3 e6 5.Nc3 Nbd7 6.Qc2 Bd6 7.Bd3 O-O 8.O-O dxc4
9.Bxc4 e5 10.h3 exd4 11.exd4 h6 12.Bxh6 Kh8 13.Bg5 b5 14.Bb3 Qb6 15.Ne4 Be7
16.Rfe1 Bb4 17.Re2 Nh7 18.a3 Ba5 19.Be7 Re8 20.Nd6  1-0

[Event "Sozina Open"]
[Site "Bar SCG"]
[Date "2006.03.19"]
[Round "2"]
[White "Blagojevic,D"]
[Black "Scekic,V"]
[Result "1-0"]
[WhiteElo "2531"]
[BlackElo "2038"]

1.d4 d5 2.c4 c6 3.Nc3 Nf6 4.e3 e6 5.Nf3 Nbd7 6.Bd3 Bd6 7.e4 dxe4 8.Nxe4 Nxe4
9.Bxe4 Nf6 10.Bc2 Bb4+ 11.Bd2 Bxd2+ 12.Qxd2 O-O 13.O-O-O Qc7 14.Ne5 c5 15.Qe3 cxd4
16.Rxd4 Qc5 17.g4 g6 18.g5 Nh5 19.Nxf7 e5 20.Nxe5 Bf5 21.Bxf5 Rxf5 22.Rd8+ Rxd8
23.Qxc5 Nf4 24.Qe7 Rc8 25.Rd1  1-0

[Event "TCh-HUN 2005-6"]
[Site "Hungary HUN"]
[Date "2006.03.19"]
[Round "9"]
[White "Kiss,Pa"]
[Black "Chernin,A"]
[Result "0-1"]
[WhiteElo "2400"]
[BlackElo "2586"]

1.d4 d5 2.c4 c6 3.e3 Nf6 4.Nc3 e6 5.Nf3 a6 6.Bd3 dxc4 7.Bxc4 b5 8.Be2 c5
9.dxc5 Qxd1+ 10.Bxd1 Bxc5 11.Bd2 Bb7 12.Rc1 Nbd7 13.O-O Ke7 14.Be2 Rac8 15.Rfd1 Bd6
16.Be1 Rhd8 17.Nb1 Rxc1 18.Rxc1 Rc8 19.Rxc8 Bxc8 20.Nd4 Bb7 21.Nc3 Nc5 22.a3 Nd5
23.b4 Nxc3 24.Bxc3 Na4 25.Ba1 Bd5 26.f3 f5 27.Kf2 g6 28.f4 Nb6 29.Nf3 Bc4
30.Nd2 Bxe2 31.Kxe2 Nd7 32.Nf3 Nb6 33.Nd2 Kd7 34.Kd3 Kc6 35.Bd4 Nd7 36.g3 e5
37.Bb2 Kd5 38.Nb1 e4+ 39.Kc2 Nb6 40.Bd4 Na8 41.Kb3 Nc7 42.Nc3+ Kc6 43.Ne2 Nd5
44.Nc3 Nc7 45.Ne2 Be7 46.Nc3 Ne6 47.Be5 Bd8 48.Kc2 Bb6 49.Kd2 a5 50.h3 Bd8
51.Kc2 h6 52.h4 h5 53.Bh8 axb4 54.axb4 Bb6 55.Kd2 Nc7 56.Bf6 Nd5 57.Nxd5 Kxd5
58.Be7 Kc4 59.Bd6 Bd8  0-1

[Event "66th ch-ARM"]
[Site "Yerevan ARM"]
[Date "2006.03.19"]
[Round "4"]
[White "Kalashian,D"]
[Black "Kotanjian,T"]
[Result "0-1"]
[WhiteElo "2319"]
[BlackElo "2471"]

1.d4 d5 2.c4 e6 3.Nc3 c6 4.e3 Nf6 5.Nf3 Nbd7 6.Bd3 dxc4 7.Bxc4 b5 8.Bd3 a6
9.e4 c5 10.e5 cxd4 11.Nxb5 axb5 12.exf6 gxf6 13.O-O Qb6 14.Qe2 b4 15.Rd1 Bc5
16.Bf4 h5 17.Rac1 Kf8 18.Nd2 e5 19.Nc4 Qe6 20.Bd2 Bb7 21.Be4 Bxe4 22.Qxe4 Kg7
23.Qe1 Rhb8 24.f3 Rxa2 25.Qg3+ Kh7 26.Qh4 Qf5 27.Re1 Rg8 28.Kh1 Rg6 29.Rf1 Kg7
30.Qe1 Ra4 31.Rf2 Kh7 32.Re2 Qd3 33.Re4 b3 34.Na5 Ra2 35.Nc4 Kg8 36.f4 Ra4
37.Na5 f5 38.Rxe5 Nxe5 39.fxe5 Qe4 40.Qf2 Qd5 41.Qf3 Qxf3 42.gxf3 Bb6 43.Nxb3 h4
44.h3 Ra2 45.Rc8+ Kg7 46.Bc1 d3 47.Kh2 Bg1+ 48.Kh1 Bf2 49.Rd8 Rg1+ 50.Kh2 Rd1
51.Kg2 Bg3 52.f4 d2 53.Rxd2 Rxd2+ 54.Nxd2 Bxf4 55.Kf3 Bxe5 56.Nc4 Bf6 57.Ne3 Kg6
58.b4 Bc3 59.Ng2 Bxb4 60.Nxh4+ Kf6 61.Ng2 Bd2 62.Bxd2 Rxd2 63.h4 Rd3+ 64.Kf4 Rh3  0-1

[Event "ch-Moscow Prelim KO"]
[Site "Moscow RUS"]
[Date "2006.03.20"]
[Round "1.1"]
[White "Yuferov,S"]
[Black "Rustemov,A"]
[Result "0-1"]
[WhiteElo "2417"]
[BlackElo "2573"]

1.d4 d5 2.c4 c6 3.e3 Nf6 4.Nc3 e6 5.Nf3 a6 6.Bd3 dxc4 7.Bxc4 b5 8.Bd3 c5
9.O-O Bb7 10.Qe2 Nbd7 11.Rd1 Qb8 12.h3 Bd6 13.b3 O-O 14.Bb2 cxd4 15.Nxd4 Ne5
16.Bc2 Rd8 17.Rac1 Ng6 18.Nf3 Bxf3 19.Qxf3 Nh4 20.Qc6 Bh2+ 21.Kh1 Rc8 22.Qxc8+ Qxc8
23.Kxh2 Qb7 24.Rg1 Rd8 25.Rcd1 Rxd1 26.Bxd1 h6 27.Be2 b4 28.Nd1 Ne4 29.Bc4 Qd7
30.Kh1 Qd2 31.Rf1 Ng3+  0-1

[Event "TCh-AUT 2005-6"]
[Site "Austria AUT"]
[Date "2006.03.23"]
[Round "8"]
[White "Postl,A"]
[Black "Volkmann,F"]
[Result "1/2-1/2"]
[WhiteElo "2289"]
[BlackElo "2421"]

1.d4 d5 2.c4 c6 3.Nf3 Nf6 4.Nc3 e6 5.e3 Nbd7 6.Bd3 dxc4 7.Bxc4 b5 8.Bb3 b4
9.Na4 Ba6 10.Bd2 Rc8 11.Rc1 Ne4 12.Bc4 Bxc4 13.Rxc4 Nb6 14.Nxb6 axb6 15.O-O Qd5
16.Qb3 Bd6 17.Rfc1 b5 18.R4c2 Qxb3 19.axb3 Kd7 20.Kf1 f6 21.Be1 g5 22.Nd2 Nxd2+
23.Rxd2 Ra8 24.f3 f5 25.Rdc2 Ra6 26.Rd1 h5 27.h3 g4 28.e4 fxe4 29.fxe4 Rf8+
30.Ke2 gxh3 31.gxh3 Rg8 32.Ke3 Raa8 33.Rf2 Rg3+ 34.Rf3 Rxf3+ 35.Kxf3 Ra2
36.Rd2 Ra1 37.Bg3 Be7 38.d5 exd5 39.exd5 c5 40.d6 Bf6 41.Rd5 h4 42.Bf4 Rb1
43.Rxc5 Rxb2 44.Kg4 Rxb3 45.Rxb5 Rb1 46.Kf5 Bd8 47.Rb7+ Kc6 48.Rb8 Kd7 49.Rb7+ Kc6
50.Rb8 Kd7  1/2-1/2

[Event "22nd Spring Festival Open"]
[Site "Budapest HUN"]
[Date "2006.03.23"]
[Round "1"]
[White "Yrjola,J"]
[Black "Koczo,K"]
[Result "1-0"]
[WhiteElo "2396"]
[BlackElo "2104"]

1.d4 d5 2.c4 c6 3.Nc3 Nf6 4.e3 e6 5.Nf3 Nbd7 6.Qc2 b6 7.b3 Bb7 8.Bb2 Be7
9.Bd3 h6 10.O-O O-O 11.Rfd1 Rc8 12.Qe2 Qc7 13.Rac1 Qb8 14.Ne5 Nxe5 15.dxe5 Nd7
16.f4 Nc5 17.Bb1 dxc4 18.bxc4 Rfd8 19.Rd4 Rd7 20.Rxd7 Nxd7 21.Qd3 g6 22.Qxd7 Bc5
23.Qd3 Rd8 24.Qe2 Ba6 25.Ne4 Bb4 26.h4 h5 27.Nf6+ Kg7 28.Bd3 b5 29.c5 Qc7
30.a3 Ba5 31.Bd4 Bb7 32.Ne4 Qe7 33.Nd6 Rd7 34.g3 b4 35.Qd2 Ba8 36.axb4 Bc7
37.Be4 Qd8 38.Qg2  1-0

[Event "TCh-AUT 2005-6"]
[Site "Austria AUT"]
[Date "2006.03.24"]
[Round "9"]
[White "Ftacnik,L"]
[Black "Horvath,Cs1"]
[Result "0-1"]
[WhiteElo "2606"]
[BlackElo "2545"]

1.c4 c6 2.d4 d5 3.Nc3 Nf6 4.e3 e6 5.Nf3 Nbd7 6.Bd3 dxc4 7.Bxc4 b5 8.Bd3 a6
9.e4 c5 10.e5 cxd4 11.Nxb5 axb5 12.exf6 gxf6 13.O-O Qb6 14.Qe2 b4 15.Rd1 Bc5
16.Bh6 Bb7 17.Be4 Rg8 18.Nxd4 Ne5 19.Rac1 Rd8 20.Bxb7 Qxb7 21.Qb5+ Qxb5 22.Nxb5 Rxd1+
23.Rxd1 Ng4 24.Rc1 Bxf2+ 25.Kf1 Nxh6 26.Kxf2 Rg5 27.Rc8+ Ke7 28.Rb8 Ng4+
29.Ke2 Nxh2 30.Rb7+ Kf8 31.Nd6 Rxg2+ 32.Kd3 Ng4 33.Rxb4 h5 34.a4 h4 35.a5 h3
36.a6 h2 37.a7 Rg3+ 38.Kd4 h1=Q 39.Rb8+ Ke7 40.Nc8+ Kd7 41.a8=Q Qd1+ 42.Kc5 Qc2+
43.Kb6 Qxb2+  0-1

[Event "VII Dos Hermanas Internet"]
[Site "ICC INT"]
[Date "2006.03.24"]
[Round "1.3"]
[White "Dlugy,M"]
[Black "Doettling,F"]
[Result "0-1"]
[WhiteElo "2531"]
[BlackElo "2542"]

1.d4 d5 2.c4 e6 3.Nc3 c6 4.e3 Nf6 5.Nf3 Nbd7 6.Qc2 Bd6 7.Bd3 O-O 8.O-O dxc4
9.Bxc4 a6 10.e4 e5 11.Rd1 Qc7 12.g3 b5 13.Bf1 h6 14.Bg2 Re8 15.a3 c5 16.d5 c4
17.b4 cxb3 18.Qxb3 Nb6 19.Bd2 Nc4 20.Be1 Bd7 21.Rdc1 Rec8 22.Nd2 Na5 23.Qd1 Qa7
24.h3 Rc7 25.Nb3 Nc4 26.a4 b4 27.Nb1 Nb2 28.Qe2 Nxa4 29.Rxc7 Qxc7 30.N1d2 Nc3
31.Qe3 a5 32.Nf1 a4 33.Bxc3 bxc3 34.Nc1 Rb8 35.Na2 Rb3 36.Rc1 c2 37.Qd2 Rb2
38.Nc3 Bb4 39.Rxc2 Rxc2 40.Qxc2 Qxc3 41.Qb1 a3 42.Ne3 Qb2 43.Qd1 a2 44.Nc2 Ba4  0-1